000 00737nam a2200241Ia 4500
003 GCL
008 140319s9999 xx 000 0 ara d
040 _aGCL /
_cGCL
082 0 4 _a730.9
_bم ق
100 1 _aمحمد عزت مصطفى
245 1 0 _aقصة الفن التشكيلى /
_cمحمد عزت مصطفى
260 _aالقاهرة :
_bدار المعارف
300 _a186 ص ؛
_c24 سم
490 _aدراسات فى الفنون التشكيلية
_v0
650 0 4 _aالفن
650 0 4 _aالنحت
650 0 4 _aالفنون التشكيلية
650 0 4 _aالفن الحديث
650 0 4 _aالتصوير
650 0 4 _aتاريخ ونقد
650 0 4 _aالفن الاسلامى
942 _2ddc
_cBK
999 _c36374
_d36374